LEADER 00939nam0-22003011i-450- 001 990000971070403321 010 $a9971-50-273-9 035 $a000097107 035 $aFED01000097107 035 $a(Aleph)000097107FED01 035 $a000097107 100 $a20000920d1987----km-y0itay50------ba 101 0 $aeng 200 1 $aMathematical Aspects of String Theory$eProceedings of the Conference held at University of California, San Diego, July 21-August 1, 1986$fedited by S.-T. Yau 210 $aSingapore$cWorld Scientific$d1987 610 0 $aTeoria dei campi 610 0 $aTeoria dello scattering 610 0 $aTeoria dei molti corpi 676 $a530.143 700 1$aYau,$bShing-Tung$0345838 801 0$aIT$bUNINA$gRICA$2UNIMARC 901 $aBK 912 $a990000971070403321 952 $a22A-307$b14468$fFI1 959 $aFI1 996 $aMathematical Aspects of String Theory$9352788 997 $aUNINA DB $aING01 LEADER 01094nam--2200373---450- 001 990002960540203316 005 20070726132350.0 010 $a978-88-430-4162-6 035 $a000296054 035 $aUSA01000296054 035 $a(ALEPH)000296054USA01 035 $a000296054 100 $a20070726h2007----km-y0itay50------ba 101 $aita 102 $aIT 105 $a||||||||001yy 200 1 $a<> zafferano e il geco$ele scienze della vita nella società islamica del Medioevo$fPaola Carusi 210 $aRoma$cCarocci$dcopyr. 2007 215 $a259 p.$d22 cm 225 2 $aFrecce$v48 410 0$12001$aFrecce 606 0 $aScienze$xPaesi islamici$xMedioevo 606 0 $aScienze$xPaesi arabi$xStoria 676 $a509.17671 700 1$aCARUSI,$bPaola$0443608 801 0$aIT$bsalbc$gISBD 912 $a990002960540203316 951 $aII.6. 303$b200535 L.M.$cII.6.$d00062565 959 $aBK 969 $aUMA 979 $aPAOLA$b90$c20070726$lUSA01$h1320 979 $aPAOLA$b90$c20070726$lUSA01$h1323 996 $aZafferano e il geco$985357 997 $aUNISA LEADER 03357nam 22007095 450 001 9910686471603321 005 20250610110148.0 010 $a9789819915026 010 $a9819915023 024 7 $a10.1007/978-981-99-1502-6 035 $a(CKB)5840000000241945 035 $a(DE-He213)978-981-99-1502-6 035 $a(MiAaPQ)EBC7236710 035 $a(Au-PeEL)EBL7236710 035 $a(MiAaPQ)EBC7235458 035 $a(EXLCZ)995840000000241945 100 $a20230408d2023 u| 0 101 0 $aeng 135 $aurnn#008mamaa 181 $ctxt$2rdacontent 182 $cc$2rdamedia 183 $acr$2rdacarrier 200 10$aInterculturality as an Object of Research and Education $eObserving, Reflecting and Critiquing /$fby Fred Dervin, Ning Chen 205 $a1st ed. 2023. 210 1$aSingapore :$cSpringer Nature Singapore :$cImprint: Springer,$d2023. 215 $a1 online resource (VII, 91 p. 13 illus., 12 illus. in color.) 225 1 $aSpringerBriefs in Education,$x2211-193X 311 08$a9789819915019 311 08$a9819915015 320 $aIncludes bibliographical references. 327 $aChapter 1 On the bridge of Interculturality -- Chapter 2 Interculturality as a deafening and blinding ideological notion -- Chapter 3 Interculturality-as-altering -- Chapter 4 The power of Mirroring: Towards a catoptric of Interculturality -- Chapter 5 Observality for ?silent? reflexivity and criticality -- Chapter 6 Observing our observality -- Chapter 7 Accepting to be naïve like a fool -- References. 330 $aThis book proposes a new method for working on the complex and polysemic notion of interculturality, aimed at scholars, students and educators who have an interest in enriching and challenging their own take on this somewhat controversial scientific notion. Multiple examples of observability made by the authors are provided to illustrate the method. The book helps readers to look at themselves as ?producers?, ?consumers? and ?promoters? of selected knowledge of interculturality. This book represents an original contribution to the field, by introducing the importance of observation and reflexivity in building up varied epistemic engagements with the notion of interculturality. 410 0$aSpringerBriefs in Education,$x2211-193X 606 $aEducation$xPhilosophy 606 $aEducational sociology 606 $aEducation, Higher 606 $aEducational Philosophy 606 $aSociology of Education 606 $aHigher Education 606 $aMulticulturalisme$2thub 606 $aEducació superior$2thub 606 $aFilosofia de l'educació$2thub 608 $aLlibres electrònics$2thub 615 0$aEducation$xPhilosophy. 615 0$aEducational sociology. 615 0$aEducation, Higher. 615 14$aEducational Philosophy. 615 24$aSociology of Education. 615 24$aHigher Education. 615 7$aMulticulturalisme 615 7$aEducació superior 615 7$aFilosofia de l'educació 676 $a305.80015118 700 $aDervin$b Fred$f1974-$0848110 702 $aChen$b Ning 801 0$bMiAaPQ 801 1$bMiAaPQ 801 2$bMiAaPQ 906 $aBOOK 912 $a9910686471603321 996 $aInterculturality as an Object of Research and Education$93281376 997 $aUNINA